000 00316nam a2200133Ia 4500
008 231129s1969||||xx |||||||||||||| ||spa||
040 _bspa
082 _a891.744 E92e
100 _aEvtuchenko Eugueni
245 0 _aEntre la ciudad sí­ y la ciudad no
260 _c1969
264 _aAlianza
942 _2ddc
_cBKS
999 _c13191
_d13191